Country parks report (Record no. 73110)

MARC details
000 -LEADER
fixed length control field 01017cam a2200217 4500
001 - CONTROL NUMBER
control field WB3928-05
008 - FIXED-LENGTH DATA ELEMENTS--GENERAL INFORMATION
fixed length control field 030724n2003 000 0 eng u
035 ## - SYSTEM CONTROL NUMBER
System control number (Sirsi) u123121
245 ## - TITLE STATEMENT
Title Country parks report
260 ## - PUBLICATION, DISTRIBUTION, ETC.
Date of publication, distribution, etc. 2003
490 ## - SERIES STATEMENT
Series statement RICS Westminster News
Volume/sequential designation 21 July 2003 2(1)
520 ## - SUMMARY, ETC.
Summary, etc. "Towards a country parks renaissance", a report commissioned by the Countryside Agency, aims to evaluate the development of country parks, understand their size and distribution, and examine issues facing service providers. Also considers the contemporary relevance of parks to see how they might relate to current and planned initiatives. Read "Towards a country parks renaissance" report online. http://www.countryside.gov.uk/tourism/countryparks.htm.
590 ## - LOCAL NOTE (RLIN)
Local note WB
650 ## - SUBJECT ADDED ENTRY--TOPICAL TERM
Topical term or geographic name entry element COUNTRY PARKS
650 ## - SUBJECT ADDED ENTRY--TOPICAL TERM
Topical term or geographic name entry element COUNTRYSIDE AGENCY
650 ## - SUBJECT ADDED ENTRY--TOPICAL TERM
Topical term or geographic name entry element DEVELOPMENT
650 ## - SUBJECT ADDED ENTRY--TOPICAL TERM
Topical term or geographic name entry element BEST PRACTICE
650 ## - SUBJECT ADDED ENTRY--TOPICAL TERM
Topical term or geographic name entry element RESEARCH REPORTS
690 ## - LOCAL SUBJECT ADDED ENTRY--TOPICAL TERM (OCLC, RLIN)
Topical term or geographic name as entry element ENVIRONMENTAL AND LAND CONSULTANCY-ENVIRONMENTAL MANAGEMENT
942 ## - ADDED ENTRY ELEMENTS (KOHA)
Suppress in OPAC 0
Holdings
Withdrawn status Lost status Source of classification or shelving scheme Damaged status Not for loan Home library Current library Shelving location Date acquired Total Checkouts Full call number Barcode Date last seen Copy number Price effective from Koha item type
    Dewey Decimal Classification     London London News article 24/07/2003   WB3928-05 123121-1001 06/08/2019 1 06/08/2019 News article